00218nam a2200097Ia 4500008004100000041000800041100001400049245002400063260002500087365000800112231011s9999 xx 000 0 und d aeng aBlair G.R aWhat Are Your Goals bWharton Pub Delmar - b565